000 00416nam a2200169Ia 4500
001 16537
003 IN-NITTTR
005 20251114233156.0
008 251113s9999||||xx |||||||||||||| ||eng||
040 _beng
040 _cIN-NITTTR
041 _aeng
082 _a300.72 S13 R
100 _aGuy, Rebecca F.
245 0 _aSocial research methods :
_b puzzles and solutions. /
_cGuy, Rebecca F.
942 _2ddc
_cBK
999 _c19171
_d19171